<?xml version="1.0" encoding="UTF-8"?>
<record
    xmlns:xsi="http://www.w3.org/2001/XMLSchema-instance"
    xsi:schemaLocation="http://www.loc.gov/MARC21/slim http://www.loc.gov/standards/marcxml/schema/MARC21slim.xsd"
    xmlns="http://www.loc.gov/MARC21/slim">

  <leader>02538cam a22002774a 4500</leader>
  <datafield tag="999" ind1=" " ind2=" ">
    <subfield code="c">9844</subfield>
    <subfield code="d">9844</subfield>
  </datafield>
  <controlfield tag="001">15803489</controlfield>
  <controlfield tag="003">GBCCL</controlfield>
  <controlfield tag="005">20241126110720.0</controlfield>
  <controlfield tag="008">090706s2010    miu      b    001 0 eng  </controlfield>
  <datafield tag="010" ind1=" " ind2=" ">
    <subfield code="a">  2009027471</subfield>
  </datafield>
  <datafield tag="020" ind1=" " ind2=" ">
    <subfield code="a">9780825438837</subfield>
  </datafield>
  <datafield tag="040" ind1=" " ind2=" ">
    <subfield code="a">DLC</subfield>
    <subfield code="c">DLC</subfield>
    <subfield code="d">DLC</subfield>
  </datafield>
  <datafield tag="050" ind1="0" ind2="0">
    <subfield code="a">BV2063</subfield>
    <subfield code="b">.T33 2010</subfield>
  </datafield>
  <datafield tag="082" ind1="0" ind2="0">
    <subfield code="a">266.009</subfield>
    <subfield code="2">22</subfield>
    <subfield code="b">TEN</subfield>
  </datafield>
  <datafield tag="100" ind1="1" ind2=" ">
    <subfield code="a">Tennent, Timothy C.</subfield>
    <subfield code="9">16346</subfield>
  </datafield>
  <datafield tag="245" ind1="1" ind2="0">
    <subfield code="a">Invitation to world missions :</subfield>
    <subfield code="b">a trinitarian missiology for the twenty-first century /</subfield>
    <subfield code="c">Timothy C. Tennent.</subfield>
  </datafield>
  <datafield tag="260" ind1=" " ind2=" ">
    <subfield code="a">Grand Rapids, MI :</subfield>
    <subfield code="b">Kregel Publications,</subfield>
    <subfield code="c">2010.</subfield>
  </datafield>
  <datafield tag="300" ind1=" " ind2=" ">
    <subfield code="a">559 p. ;</subfield>
    <subfield code="c">24 cm.</subfield>
  </datafield>
  <datafield tag="504" ind1=" " ind2=" ">
    <subfield code="a">Includes bibliographical references (p. 507-529) and indexes.</subfield>
  </datafield>
  <datafield tag="505" ind1="0" ind2=" ">
    <subfield code="a">Introduction -- Section A: Megatrends that are shaping twenty-first century missions -- From moratorium and malaise to 'selah' and rebirth -- Section B: The Triune God and the Missio dei -- A trinitarian, missional theology -- A trinitarian framework for missions -- God the Father : the providential source and goal of the Missio dei -- Section A: A missional perspective on the Bible -- The God of mission reveals his plan -- The sending Father and the sent church -- Section B: Creation, revelation, and the human response to God's rule -- A trinitarian, "new creation" theology of culture -- An evangelical theology of religions -- God the Son : the redemptive embodiment of the Missio dei -- Section A: Missions history as a reflection of the incarnation -- Turning points in the history of missions before 1792 -- The "great century" of missions, 1792-1910 -- The flowering of world Christianity, 1910-present -- Section B: Cross-cultural communication as a reflection of the incarnation -- The incarnation and the translatability of the Gospel -- Access and reproducibility in missions strategy -- Reflecting the incarnation in holistic missions -- God the Holy Spirit : the empowering presence of the Missio dei -- Section A: Empowering the church to embody the presence of the future -- The Holy Spirit, the book of Acts, and the Missio dei -- The church as the embodiment of the new creation -- Section B: Missionaries as agents of suffering and heralds of the new creation -- The suffering, advancing church -- Conclusion: the church as the reflection of the trinity in the world.</subfield>
  </datafield>
  <datafield tag="650" ind1=" " ind2="0">
    <subfield code="a">Missions</subfield>
    <subfield code="x">Theory.</subfield>
    <subfield code="9">48</subfield>
  </datafield>
  <datafield tag="650" ind1=" " ind2="0">
    <subfield code="a">Trinity.</subfield>
    <subfield code="9">7312</subfield>
  </datafield>
  <datafield tag="906" ind1=" " ind2=" ">
    <subfield code="a">7</subfield>
    <subfield code="b">cbc</subfield>
    <subfield code="c">orignew</subfield>
    <subfield code="d">1</subfield>
    <subfield code="e">ecip</subfield>
    <subfield code="f">20</subfield>
    <subfield code="g">y-gencatlg</subfield>
  </datafield>
  <datafield tag="942" ind1=" " ind2=" ">
    <subfield code="2">ddc</subfield>
    <subfield code="c">BK</subfield>
    <subfield code="0">2</subfield>
  </datafield>
  <datafield tag="952" ind1=" " ind2=" ">
    <subfield code="0">0</subfield>
    <subfield code="1">0</subfield>
    <subfield code="2">ddc</subfield>
    <subfield code="4">0</subfield>
    <subfield code="7">0</subfield>
    <subfield code="a">GBC</subfield>
    <subfield code="b">GBC</subfield>
    <subfield code="c">MNMS</subfield>
    <subfield code="d">2023-07-31</subfield>
    <subfield code="l">3</subfield>
    <subfield code="m">1</subfield>
    <subfield code="o">266.009 TEN</subfield>
    <subfield code="p">016255</subfield>
    <subfield code="r">2026-02-18 10:23:14</subfield>
    <subfield code="s">2026-02-13</subfield>
    <subfield code="t">c.1</subfield>
    <subfield code="w">2023-07-31</subfield>
    <subfield code="y">BK</subfield>
  </datafield>
</record>
